000 00538nam a2200217Ia 4500
003 GCL
008 140319s9999 xx 000 0 ara d
020 _a8175810491
040 _aGCL /
_cGCL
082 0 4 _a821
_bT A
100 1 _aTILAK,RAGHUKUL
245 1 0 _aALFRED TENNYSON /
_cTILAK,RAGHUKUL
250 _aNINETEENTH
260 _aالهند :
_bRAMA BROTHERS ،
_c2002
300 _a288 PE ؛
_c24 cm.
650 0 4 _aLITERATURE
650 0 4 _aPOETS
650 0 4 _aPOETRY, MODERN
650 0 4 _aALFRED TENNYSON
942 _2ddc
_cBK
999 _c6545
_d6545